|
|
|
|
| LEADER |
00000nab#a22000007a#4500 |
| 001 |
arbauad026298 |
| 003 |
AR-BaUAD |
| 005 |
20250711112154.0 |
| 008 |
970409|||||||||###||||||b###|0###a|spa|| |
| 040 |
|
|
|a AR-BaUAD
|c AR-BaUAD
|b spa
|
| 245 |
1 |
0 |
|a Galleria di cristallo
|
| 300 |
0 |
|
|b detalles, fot., plantas
|
| 653 |
|
|
|a ESTRUCTURAS RETICULARES ESPACIALES
|
| 653 |
|
|
|a ESTRUCTURAS METALICAS
|
| 653 |
|
|
|a CUBIERTAS
|
| 653 |
|
|
|a VIDRIO
|
| 653 |
|
|
|a GALERIAS
|
| 653 |
|
|
|a LEIPZIG
|
| 653 |
|
|
|a VON GERKAN-MARG
|
| 653 |
|
|
|a RITCHIE, IAN
|
| 653 |
|
|
|a ALEMANIA
|
| 773 |
0 |
|
|t L'ARCA
|g no. 107 [set. 1996], p. 32-37
|
| 942 |
|
|
|c ARTI
|
| 952 |
|
|
|0 0
|1 0
|4 0
|7 0
|9 71217
|a AR-BAuAD
|b AR-BAuAD
|d 2025-07-11
|l 0
|p AAQA026298
|r 2025-07-11 11:21:54
|w 2025-07-11
|y ARTI
|
| 990 |
|
|
|a AQ199
|b TD
|
| 998 |
|
|
|a AAQ
|b BIBUN76
|
| 999 |
|
|
|c 50890
|d 50890
|